logo

Bir Sreshtho Munshi Abdur Rouf Library
Jhenaidah Cadet College

Money and banking / (Record no. 8670)

MARC details
000 -LEADER
fixed length control field 00810pam a2200289 i 4500
001 - CONTROL NUMBER
JCCL Control Number 8670
003 - CONTROL NUMBER IDENTIFIER
JCCL marc code BD - JhCC
005 - DATE AND TIME OF LATEST TRANSACTION
control field 20180716183545.0
008 - FIXED-LENGTH DATA ELEMENTS--GENERAL INFORMATION
fixed length control field 180716s1958 nyua b 001 0 eng
035 ## - SYSTEM CONTROL NUMBER
system control number (BD - JhCC)8670
035 ## - SYSTEM CONTROL NUMBER
system control number (OCoLC)02318087
035 ## - SYSTEM CONTROL NUMBER
system control number GLIS00032122
040 ## - CATALOGING SOURCE
Original cataloging agency DLC
Transcribing agency DLC
Modifying agency MYG
-- BD - JhCC
041 ## - LANGUAGE CODE
Language code of Book eng
082 ## - DEWEY DECIMAL CLASSIFICATION NUMBER
Author mark and Year PRI 1958
Classification number 332
090 ## - LOCALLY ASSIGNED LC-TYPE CALL NUMBER (OCLC); LOCAL CALL NUMBER (OCLC)
Classification number (OCLC) (R) ; Classification number, CALL (RLIN) (NR) HG1586
Local cutter number (OCLC) ; Book number/undivided call number, CALL (RLIN) .C967 1977
099 ## - LOCAL FREE-TEXT CALL NUMBER
Classification number HG1586.C967 1977
100 ## - MAIN ENTRY--PERSONAL NAME
Personal name Pritchard, Leland J.
245 10 - TITLE STATEMENT
Title Money and banking /
Statement of responsibility, etc Leland J. Pritchard,
260 ## - PUBLICATION, DISTRIBUTION, ETC. (IMPRINT)
Place of publication, distribution, etc Boston :
Name of publisher, distributor, etc Houghton Mifflin,
Date of publication, distribution, etc 1958.
300 ## - PHYSICAL DESCRIPTION
Pagination xvii, 587 p. :
Other physical details ill. ;
Dimensions 24 cm.
504 ## - BIBLIOGRAPHY, ETC. NOTE
Bibliography, etc Includes bibliographies and index.
650 #0 - SUBJECT ADDED ENTRY--TOPICAL TERM
Topical term or geographic name as entry element Banks and banking.
650 #0 - SUBJECT ADDED ENTRY--TOPICAL TERM
Topical term or geographic name as entry element Money.
942 ## - ADDED ENTRY ELEMENTS (KOHA)
Source of classification or shelving scheme Dewey Decimal Classification
Koha item type Books
Holdings
Source of classification or shelving scheme Damaged status Not for loan Home library Current library Shelving location Total Checkouts Full call number Barcode Date last seen Copy number Koha item type
Dewey Decimal Classification     JCC Rouf Library JCC Rouf Library General Stacks   332 PRI 1958 11333 03/01/2018 C - 1 Books

JCC Library | Contacts | JCC Home

Last Update on 23 September 2017
Copyright @ 2017-2020 JCC Rouf Library
Rouf Library, Jhenidah Cadet College (JCC), Bangladesh